000
00340nam a2200145Ia 4500
008
231221s9999 xx 000 0 und d
041
_a
English
082
_a
001.42 SHA;1 R
100
_a
Sharma, S R
245
0
_a
Methods of educational research
260
_c
2005
300
_a
280
650
_a
educational,research
942
_c
ED
999
_c
206746
_d
206746